01443nam a22003491 4500001001000000003000900010005001700019007001000036008002900046017000900075020001500084035000600099040002200105082002600127245012600153246004500279260005200324300002700376490001700403590002600420650005200446650002700498700003900525700003700564710003200601910004000633942001200673952012900685952013100814952013100945999001701076 01107648DO-SdBNP20240521122758.0 01107648920725s2005 dr spa  a b  a084771554X a  aBPMSUbspacBPMSU a398.9bG759g 200522200aGrano a grano... :b Refranes de Puerto Rico /c Selección Josefina Barcelón; ilustraciones Juan Álvarez O Neillh 14a Grano a grano... :brefranes populares  aColombia : bUniversidad de Puerto Rico, c2005 a25 p. :bil,. ;c21 cm0 aRaíces v  aInventariado, 2024/VM 4a Refranes y proverbios puertorriqueños v 2  4aFolclor zPuerto Rico 1 aBarceló, Josefina eselección 1 aÁlvarez, Juan eilustraciones 2 aUniversidad de Puerto Rico  aVMateo V. Control de calidad. BPMSU 2ddccBK 00102ddc40708CI-GaBPMETbBPMETd2024-05-21l0oBPMSU CGI 398.9 G759g 2005pBPMSU24050012r2024-05-21t w2024-05-21yBK 00102ddc40708CI-GaBPMETbBPMETd2024-05-21l0oBPMSU CGI 398.9 G759g 2005pBPMSU24060006r2024-06-11te.2w2024-05-21yBK 00102ddc40708CI-GaBPMETbBPMETd2024-05-21l0oBPMSU CGI 398.9 G759g 2005pBPMUS24060007r2024-06-11te.3w2024-05-21yBK c14652d14652